Ensayo sin título y otros happenings
Αποθηκεύτηκε σε:
| Κύριος συγγραφέας: | |
|---|---|
| Μορφή: | Βιβλίο |
| Γλώσσα: | Ισπανικά |
| Έκδοση: |
Ciudad de México
Tumbona
2013
|
| Έκδοση: | 1a. ed |
| Σειρά: | Colección Anomalos
Archivo Fluxus, 1 |
| Θέματα: | |
| Ετικέτες: |
Προσθήκη ετικέτας
Δεν υπάρχουν, Καταχωρήστε ετικέτα πρώτοι!
|
MARC
| LEADER | 00000cam a2200000 a 4500 | ||
|---|---|---|---|
| 001 | UCE6304 | ||
| 003 | CL-VaPUC | ||
| 008 | 150402e20130000mx |||||||||||||||||spa|d | ||
| 020 | |a 9786077534426 | ||
| 082 | 0 | 4 | |a 709.04074 |b KAP |2 21 |
| 100 | |a Kaprow, Allan |e author |9 589185 | ||
| 245 | 1 | 0 | |a Ensayo sin título y otros happenings |
| 250 | |a 1a. ed | ||
| 300 | |a 109 h | ||
| 942 | |c BK | ||
| 945 | |d 20150402 11:08:00 |a arojas | ||
| 260 | |a Ciudad de México |b Tumbona |c 2013 | ||
| 650 | 0 | |a Arte conceptual |9 341272 | |
| 650 | 0 | |a Crítica e interpretación |9 255042 | |
| 650 | 0 | |a Crítica de arte |9 334590 | |
| 650 | 0 | |a Ensayo |9 368802 | |
| 583 | |a last modification |c 20170518 12:51:50 |k Rodrigo Vera | ||
| 490 | 0 | |a Colección Anomalos | |
| 490 | 0 | |a Archivo Fluxus, 1 | |
| 999 | |c 358657 |d 358655 | ||
| 952 | |0 0 |1 0 |3 erb |4 0 |6 709_040740000000000_KAP_2013 |7 0 |8 R |9 467504 |a BIBART |b BIBART |i 5143462 |l 10 |m 1 |o 709.04074 KAP 2013 |p 5143462 |r 2025-03-13 |s 2024-10-15 |w 2019-11-23 |y BK_R |z Catalogado en:20150402 |k ART | ||